000 00783nam a2200217 i 4500
001 61188
003 ES-MaACL
005 20230906164407.0
007 t|
008 031111s1909 sp ||||1| spa d
080 _a347.758(460)
100 1 _aEstasén y Cortada, Pedro.
_948023
245 1 0 _aDe las cuentas corrientes y de los contratos de cuentas corrientes según el derecho español /
_censayo jurídico por Pedro Estasen.
260 _aMadrid :
_b[Revista de Legislación],
_c1909.
300 _a211 p. ;
_c19 cm.
490 1 _aBiblioteca jurídica de autores españoles y extranjeros
650 4 _aCuentas corrientes-
_zEspaña.
_9150723
830 0 _aBiblioteca jurídica de autores españoles y extranjeros
_9182228
852 _aES-MaACL
_jD-3033
999 _c61188
_d61188